000 01079nam0a2200325 4500
001 RU\NLR\bibl\70736
005 20260408193215.0
035 _a(NLR Aleph) 000069013
090 _a379667
_c379667
100 _a20000217d1997 |||y0rusy50 ca
101 0 _arus
_deng
102 _aRU
105 _aa |||||||||
200 1 _aГеноцид абхазов
_eРос. пресса свидетельствует
_e[Сб.]
_fСост.: Р.Апсынба
210 _aМ.
_cБ.и.
_d1997
215 _a[1],506 с.
_cил., портр.
_d20
300 _aРез. на англ. яз.
320 _aБиблиогр. в тексте
606 _aГрузино-абхазский конфликт
_z1992 - 1993
_jСборники
_3RU\NLR\auth\661324143
_92203780
686 _aТ3(5Г)74-36я43
686 _aТ3(5Г-6А)74я43
702 1 _aАпсынба
_bР.
_4220
801 0 _aRU
_bNLR
_c20000217
_gPSBO
801 1 _aRU
_bNLR
_c20000217
852 _aNLR
_j99-3/18468
942 _cBOOK
980 _aNB